Datum a čas kvízu
36
Celkem bodů
Celkový počet nahraných bodů na tomto kvízu bez doplňovacích otázek.
1.
Pořadí na kvízu
Konečné umístění týmu na tomto kvízu.
Zaznamenané odpovědi
| # | Otázka | Odpověď | Body | Výsledky |
|---|---|---|---|---|
| 1. | O víkendu se na letišti v Ostr... | 20. ročník | 1 | |
| 2. | Jeden muž v severoanglickém Ma... | had | 1 | |
| 3. | Minulý týden jsme se dozvěděli... | Nicholas Winton | 1 | |
| 4. | Firma Sony minulý týden oznámi... | Je bezdisková. | 1 | |
| 5. | Hokejový útočník a bronzový me... | Rostislav Olesz | 0 | |
| 6. | Po dějinách Ukrajiny, které js... | Arpádovci | 1 | |
| 7. | Jak se nazývá město v jižním M... | Moháč | 1 | |
| 8. | Jak se jmenoval dočasný státní... | Maďarská republika rad | 1 | |
| 9. | Období mezi lety 1969–1989 v M... | János Kádár | 1 | |
| 10. | Napište šestipísmennou zkratku... | Fidesz | 1 |